01043nam a2200313Ia 450000100060000000300100000600500170001600700030003300800410003602000180007704000350009504100080013008400110013810000270014924500880017625000220026426400310028630000260031733600270034333700330037033800280040350000360043150000210046750500860048865000250057465000370059965000410063670000520067757252CO-BoRNBP20250606163441.0ta180109s2015 ck g 000 0 spa  a9789588886305 aCO-BoRNBPbspaerdacCO-BoRNBP aspa aN ACH11 aAchebe, Chinua,d1930-10aTrilogía africanacChinua Achebe ; prólogo de Marta Sofía López Rodríguez aPrimera edición 1aBogotábDebolsilloc2015 a703 páginasc19 cm. atextobtxt2rdacontent asin mediaciónbn2rdamedia avolumenbnc2rdacarrier aIncluye información del autor aincluye glosario0 a1. Todo se desmorona -- 2. Me alegraría de otra muerte -- 3. La flecha del dios00aAfricavNovela2LEMB00aNovela nigerianaySiglo XX2LEMB00aLiteratura nigerianaySiglo XX2LEMB1 aLópez Rodríguez, Marta Sofíaeprologuista